000 00704nam a22002417a 4500
003 UA-OsUOA
001 45385
007 ta
008 20070417b un ||||| |||| 00| 0 ukr d
090 _a37.015.3
_bС92
942 _cBK
040 _aUA-OsUOA
_bukr
_cUA-OsUOA
_dUA-OsUOA
245 _aСходинки до здоров'я
_cАвтор-упоряд. В,С, Петрович
300 _a109 с.
955 _a2
041 _aukr
080 _a37.015.3
020 _a566-675-432-0
260 _aК.
_bНаук. світ
_c2006
250 _n3-е вид., переробл. та доп.
650 7 _a37.0 Основні види та принципи освіти
_2UDC
999 _c331487
_d331487